006130000a22001810004500003001100000005001700011008004100028040003900069041000800108082001600116100002400132245007000156260002200226300002400248650007800272650005300350650002800403LK-CoMWRAF20231001201943.0230817t ||||| |||| 00| 0 eng d aLK-CoMWRAFdLK-CoMWRAFeLK-CoMWRAF aeng a297.64bZAH aZahra, Muhammad Abu aThe Four Imams :bTheir lives, works and their schools of thought aIndia :bPremier, axi, 518 p. ; 23 cm. aAbū Ḥanīfah--Mālik ibn Anas--Ibn Ḥanbal--Aḥmad ibn Muḥammad aShāfiʿī, Muḥammad ibn Idrīs--Biography  aIslamic law -- History